Zavést biometrické podepisovaní se vyplatí
Služba Sign+ ako riešenie pre správu elektronických dokumentov s možnosťou pripojenia dynamického biometrického podpisu. Vlastnosti a rozvoj Sign+. Praktický príklad zavedenia biometrického podpisu v spoločnosti PROFI CREDIT a výhody z toho vyplývajúce.
Salvato in:
| Autore principale: | |
|---|---|
| Natura: | Capitolo di libro |
| Lingua: | ceco |
| Soggetti: | |
| Tags: |
Nessun Tag, puoi essere il primo ad aggiungerne!!
|
MARC
| LEADER | 00000naa a2200000 4500 | ||
|---|---|---|---|
| 001 | 0247393 | ||
| 005 | 20180903111531.4 | ||
| 041 | 0 | |a cze | |
| 044 | |a CZ | ||
| 245 | 1 | 0 | |a Zavést biometrické podepisovaní se vyplatí |c Jan Mařata |
| 520 | |a Služba Sign+ ako riešenie pre správu elektronických dokumentov s možnosťou pripojenia dynamického biometrického podpisu. Vlastnosti a rozvoj Sign+. Praktický príklad zavedenia biometrického podpisu v spoločnosti PROFI CREDIT a výhody z toho vyplývajúce. | ||
| 610 | 2 | 0 | |a podpis elektronický |
| 610 | 2 | 0 | |a technológie informačné |
| 610 | 2 | 0 | |a technológie komunikačné |
| 610 | 2 | 0 | |a technológie nové |
| 100 | 1 | |a Mařata, Jan | |